Logo BPK

Biblioteka

Politechniki Koszalińskiej

Corridors of Power / (Rekord nr 49109)

Szczegóły MARC
000 -ETYKIETA REKORDU
podpole kontrolne o stałej długości 00403nam a2200157 i 4500
001 - NUMER KONTROLNY REKORDU
pole kontrolne bgj
040 ## - ŹRÓDŁO KATALOGOWANIA
Instytucja, która utworzyła rekord BPK
041 0# - KOD JĘZYKA
Kod języka tekstu eng
008 - POLE O STAŁEJ DŁUGOŚCI - DANE KONTROLNE
podpole kontrolne o stałej długości s uk f |000 0 eng
100 1# - NAZWA OSOBOWA
Nazwa osobowa SNOW, C. P.
Daty związane z nazwą (1905-1980).
245 10 - TYTUŁ/ODPOWIEDZIALNOŚĆ
Tytuł Corridors of Power /
Pozostałe elementy strefy tytułu i oznaczenia odpowiedzialności C. P. Snow.
260 ## - STREFA ADRESU WYDAWNICZEGO
Miejsce wydania New York :
Nazwa wydawcy/dystrybutora Charles Scribner's Sons,
Data publikacji, dystrybucji/powstania dokumentu c. 1964.
300 ## - STREFA OPISU FIZYCZNEGO
Objętość 403 pp ;
Rozmiary 22 cm.
650 #9 - HASŁO PRZEDMIOTOWE W FORMIE NAZWY OGÓLNEJ LUB JEDNOSTKOWEJ
Nazwa ogólna lub geograficzna English fiction
942 ## - DODATKOWE ELEMENTY (KOHA)
Typ dokumentu Książka
Egzemplarze
Wycofany Status egzemplarza Uszkodzony Dostępność Lokalizacja stała Lokalizacja bieżąca Miejsce przechowywania Sygnatura Kod kreskowy Typ dokumentu
      Dostępny Biblioteka Politechniki Koszalińskiej Biblioteka Politechniki Koszalińskiej Wypożyczalnia Językowa KA 6510 09044845 Książka
© 2023 Biblioteka Politechniki Koszalińskiej :: KOHA